00411nam a2200133Ia 4500008004100000024003600041082001700077100004500094245003600139260002600175600002100201650003800222999001700260260210s9999 xx 000 0 und d a14B-103-BS & 14B-102-BS a004.1072 ALI aAliza Aman Arain & Mishan Aman Arain 0aPrediction and Analysis of COPD aKarachi:bUITU,c2014 aComputer Science aBachelor of Computer Science (BS) c32274d32274